| 000 | 00357nam a22001337a 4500 | ||
|---|---|---|---|
| 082 |
_a910 _bYUL |
||
| 100 |
_aYule, henry _950158 |
||
| 245 | _aThr book of Ser marco polo the venetian | ||
| 260 |
_aLondon _bJohn murray albemarle _c1875 |
||
| 300 |
_axxi, 606 p; _bill |
||
| 526 |
_a0 _b0 _c0 _d910_000000000000000_YUL |
||
| 650 |
_aMCE _9379 |
||
| 942 |
_2ddc _cBK |
||
| 999 |
_c553222 _d553222 |
||